[Event "SVK-chT2D 0607"]
[Site "Slovakia"]
[Date "2007.02.04"]
[Round "9.5"]
[White "Koval, Daniel"]
[Black "Jakubco, Lukas"]
[Result "1-0"]
[WhiteElo "2169"]
[BlackElo "1842"]
[PlyCount "62"]
[EventDate "2006.10.14"]
[EventType "team-tourn"]
[EventRounds "11"]
[EventCountry "SVK"]
[SourceTitle "EXT 2008"]
[Source "ChessBase"]
[SourceDate "2007.11.25"]
[SourceVersion "1"]
[SourceVersionDate "2007.11.25"]
[SourceQuality "1"]
[WhiteTeam "Presov PSK"]
[BlackTeam "Michalovce Zemplin III"]
[WhiteTeamCountry "SVK"]
[BlackTeamCountry "SVK"]

1. c4 Nf6 2. Nc3 e6 3. e4 Bb4 4. e5 Ng8 5. Nf3 Nc6 6. d4 d5 7. exd6 cxd6 8. d5 Bxc3+ 9. bxc3 Nce7 10. Qa4+ Qd7 11. Qb3 Qc7 12. Nd4 a6 13. dxe6 fxe6 14. f4 Nf6 15. Be2 0-0 16. 0-0 Rb8 17. Ba3 Kh8 18. Rad1 Rd8 19. h3 Nc6 20. g4 Ne4 21. Rf3 Nc5 22. Qc2 b6 23. Bc1 Bb7 24. Rf2 Rf8 25. Nf3 Rbe8 26. Be3 Re7 27. Ng5 g6 28. Bf3 Na5 29. Be2 Nc6 30. h4 h6 31. Nf3 Ne4 1-0

[Event "SVK-chT2D 0607"]
[Site "Slovakia"]
[Date "2006.12.16"]
[Round "5.4"]
[White "Jakubco, Lukas"]
[Black "Holecko, Rastislav"]
[Result "0-1"]
[WhiteElo "1842"]
[BlackElo "2291"]
[PlyCount "92"]
[EventDate "2006.10.14"]
[EventType "team-tourn"]
[EventRounds "11"]
[EventCountry "SVK"]
[SourceTitle "EXT 2008"]
[Source "ChessBase"]
[SourceDate "2007.11.25"]
[SourceVersion "1"]
[SourceVersionDate "2007.11.25"]
[SourceQuality "1"]
[WhiteTeam "Michalovce Zemplin III"]
[BlackTeam "Humenne Reinter"]
[WhiteTeamCountry "SVK"]
[BlackTeamCountry "SVK"]

1. d4 Nf6 2. c4 g6 3. Nc3 d5 4. cxd5 Nxd5 5. e4 Nxc3 6. bxc3 Bg7 7. Nf3 c5 8. Bb5+ Bd7 9. Bxd7+ Nxd7 10. 0-0 0-0 11. Be3 Qa5 12. Qb3 b6 13. Rac1 Rac8 14. e5 c4 15. Qc2 Qd5 16. Qd2 b5 17. Bh6 Rfd8 18. Bxg7 Kxg7 19. Qg5 Qe6 20. h4 Nb6 21. Rfe1 Nd5 22. h5 h6 23. Qg3 Kh7 24. hxg6+ Qxg6 25. Qxg6+ fxg6 26. Re4 e6 27. Re2 Rc6 28. Rb2 Rb8 29. Rbc2 Ra6 30. Nd2 Ra3 31. Ne4 Kg7 32. g3 Rb6 33. Nc5 Kf7 34. Kg2 g5 35. Kf1 h5 36. Kg2 Kg6 37. Kh3 Kf5 38. Kg2 a5 39. Rh1 Rxc3 40. Rxc3 Nxc3 41. Rxh5 Kg6 42. Rh1 b4 43. Ra1 Ne2 44. Rd1 c3 45. Nb3 a4 46. Nc1 c2 0-1

[Event "SVK-chT2D 0607"]
[Site "Slovakia"]
[Date "2006.10.15"]
[Round "2.5"]
[White "Jakubco, Lukas"]
[Black "Ackerman, Ernest"]
[Result "1/2-1/2"]
[WhiteElo "1842"]
[BlackElo "2166"]
[PlyCount "57"]
[EventDate "2006.10.14"]
[EventType "team-tourn"]
[EventRounds "11"]
[EventCountry "SVK"]
[SourceTitle "EXT 2008"]
[Source "ChessBase"]
[SourceDate "2007.11.25"]
[SourceVersion "1"]
[SourceVersionDate "2007.11.25"]
[SourceQuality "1"]
[WhiteTeam "Michalovce Zemplin III"]
[BlackTeam "Kosice DPMK"]
[WhiteTeamCountry "SVK"]
[BlackTeamCountry "SVK"]

1. d4 d5 2. c4 c6 3. Nc3 e5 4. cxd5 cxd5 5. dxe5 d4 6. Nb1 Qa5+ 7. Nd2 Nc6 8. Ngf3 Bf5 9. g3 Nb4 10. Nxd4 Rc8 11. e4 Bd7 12. e6 fxe6 13. Be2 e5 14. N4b3 Qc7 15. 0-0 Bh3 16. Bb5+ Ke7 17. Qh5 Bxf1 18. Nxf1 Nf6 19. Bg5 Qb6 20. Be2 g6 21. Qf3 Bg7 22. Ne3 Ke8 23. a3 Nc2 24. Bxf6 Qxb3 25. Bxg7 Qxb2 26. Rd1 Nd4 27. Qf6 Nxe2+ 28. Kh1 Nd4 29. Bxh8 1/2-1/2

[Event "SVK-chT2D 0607"]
[Site "Slovakia"]
[Date "2006.10.14"]
[Round "1.5"]
[White "Belus, Benjamin"]
[Black "Jakubco, Lukas"]
[Result "1-0"]
[WhiteElo "1934"]
[BlackElo "1842"]
[PlyCount "57"]
[EventDate "2006.10.14"]
[EventType "team-tourn"]
[EventRounds "11"]
[EventCountry "SVK"]
[SourceTitle "EXT 2008"]
[Source "ChessBase"]
[SourceDate "2007.11.25"]
[SourceVersion "1"]
[SourceVersionDate "2007.11.25"]
[SourceQuality "1"]
[WhiteTeam "Kosice Akademik"]
[BlackTeam "Michalovce Zemplin III"]
[WhiteTeamCountry "SVK"]
[BlackTeamCountry "SVK"]

1. e4 d5 2. exd5 Nf6 3. Nf3 Nxd5 4. d4 Bg4 5. Be2 e6 6. 0-0 Be7 7. c4 Nb6 8. h3 Bh5 9. Nc3 c6 10. b3 0-0 11. Bf4 N8d7 12. Rc1 Bg6 13. Bd3 Bxd3 14. Qxd3 Nf6 15. Rfd1 Rc8 16. Ne2 h6 17. Ng3 Nbd7 18. Qe3 Re8 19. Ne5 Nh7 20. Ne4 Ndf6 21. f3 Nxe4 22. fxe4 Bg5 23. Rf1 Rf8 24. c5 Bxf4 25. Rxf4 Rc7 26. Rcf1 Re7 27. Rg4 Kh8 28. Nc4 Nf6 29. Rxf6 1-0